000 01085nam0a2200313 4500
001 RU\NLR\bibl\469816
005 20260406085255.0
010 _a5-17-019215-0
_bАСТ
010 _a5-9577-0045-2
_97000
_bЕрмак
021 _aRU
_b2003-57628
_92817
035 _a(NLR Aleph) 000463064
090 _a946157
_c946157
100 _a20031208d2003 |||y0rusy50 ca
101 0 _arus
102 _aRU
105 _aa |||||||||
200 1 _aВариант "Бис"
_e[Роман]
_fСергей Анисимов
_g[Худож. В.Н. Ненов]
210 _aМ.
_cАСТ
_cЕрмак
_d2003
215 _a540 с.
_cил.
_d21
225 1 _aЗвездный лабиринт
686 _aШ6(2=Р)75-445
700 1 _4070
_7ca
_8rus
_aАнисимов
_bС. В.
_cд-р мед. наук, писатель-фантаст
_f1973-
_gСергей Владимирович
_3RU\NLR\AUTH\770279905
_92651872
801 0 _aRU
_bNLR
_c20031208
_gPSBO
801 1 _aRU
_bNLR
_c20031208
942 _cBOOK
980 _aNB